LIBRARY & INFORMATION CENTRE, KCAET, TAVANUR

ONLINE PUBLIC ACCESS CATALOGUE (OPAC)

Development and evalution of Cocoa Pod Breaker (Record no. 17397)

MARC details
000 -LEADER
fixed length control field 00486nam a22001697a 4500
003 - CONTROL NUMBER IDENTIFIER
control field OSt
082 ## - DEWEY DECIMAL CLASSIFICATION NUMBER
Classification number 664
Item number ABI/DE
088 ## - REPORT NUMBER
Report number P 508
100 ## - MAIN ENTRY--AUTHOR NAME
Personal name Abinav E Basi
100 ## - MAIN ENTRY--AUTHOR NAME
Personal name Arshitha Suresh
100 ## - MAIN ENTRY--AUTHOR NAME
Personal name Jamna Sherin A
100 ## - MAIN ENTRY--AUTHOR NAME
Personal name Muhazinathul Nayeema P E
245 ## - TITLE STATEMENT
Title Development and evalution of Cocoa Pod Breaker
260 ## - PUBLICATION, DISTRIBUTION, ETC. (IMPRINT)
Place of publication KCAET,Tavanur,
Year of publication 2021
Name of publisher Department of processing and food engineering
700 ## - ADDED ENTRY--PERSONAL NAME
Personal name Rajesh A K(guide)
942 ## - ADDED ENTRY ELEMENTS (KOHA)
Koha item type Project Report
Holdings
Collection code Home library Current library Shelving location Full call number Accession Number Koha item type
Reference KAUAET KAUAET Reference 664 ABI/DEV P 508 Project Report
free website counter